[Event "ENCI Limburg-open B"]
[Site "Maastricht"]
[Date "2011.06.10"]
[Round "1"]
[White "Ramaekers, Philippe1"]
[Black "De Kleuver, Jonathan"]
[Result "1-0"]
[WhiteElo "1811"]
[BlackElo "1934"]
[PlyCount "51"]
[EventDate "2011.06.10"]
[EventType "swiss"]
[EventRounds "7"]
[EventCountry "NED"]
[Source "P.Boonen"]
[SourceDate "2012.01.01"]

1. e4 e5 2. f4 exf4 3. Nf3 d5 4. exd5 Qxd5 5. d4 Bb4+ 6. c3 Bd6 7. Nbd2 c5 8.
Bc4 Qf5 9. O-O Ne7 10. Qe2 b6 11. Ne4 Bc7 12. Nh4 Qd7 13. Bb5 Nbc6 14. dxc5
bxc5 15. Nf5 Be5 16. Nxe7 Kxe7 17. Bxf4 f6 18. Bxe5 fxe5 19. Rad1 Qc7 20. Qh5
Be6 21. Qg5+ Ke8 22. Nd6+ Kd7 23. Nf7+ Kc8 24. Ba6+ Kb8 25. Nxh8 c4 26. Rf8+
1-0

[Event "ENCI Limburg-open B"]
[Site "Maastricht"]
[Date "2011.06.10"]
[Round "1"]
[White "Schloemer, Armin"]
[Black "Van Foreest, Lucas"]
[Result "0-1"]
[WhiteElo "1717"]
[BlackElo "1874"]
[PlyCount "118"]
[EventDate "2011.06.10"]
[EventType "swiss"]
[EventRounds "7"]
[EventCountry "NED"]
[Source "P.Boonen"]
[SourceDate "2012.01.01"]

1. e4 e5 2. f4 Nc6 3. Nf3 Bc5 4. c3 d6 5. Bb5 Bg4 6. h3 Bxf3 7. Qxf3 Nge7 8. d3
O-O 9. f5 f6 10. Bc4+ Kh8 11. g4 Nb8 12. g5 fxg5 13. Bxg5 Nd7 14. h4 Nf6 15.
Nd2 c6 16. Nb3 Bb6 17. Be6 d5 18. O-O-O a5 19. h5 h6 20. Be3 Bxe3+ 21. Qxe3 a4
22. Nd2 d4 23. cxd4 exd4 24. Qf3 a3 25. b3 Qa5 26. Nc4 Qc5 27. Rhg1 Nh7 28. Qg3
Ng5 29. Qd6 Qxd6 30. Nxd6 b5 31. e5 Kh7 32. Rdf1 Nd5 33. Bxd5 cxd5 34. f6 gxf6
35. Rxf6 Rxf6 36. exf6 Ra6 37. Ne8 Re6 38. f7 Nxf7 39. Rg7+ Kh8 40. Rxf7 Rxe8
41. Rf6 Kg7 42. Rf1 Re5 43. Rf4 Rxh5 44. Rxd4 Rg5 45. Rb4 h5 46. Rxb5 h4 47.
Rb4 Rh5 48. Rg4+ Kf6 49. Kd2 h3 50. Rg1 h2 51. Rh1 d4 52. b4 Ke5 53. Ke2 Rh3
54. Kf1 Kd5 55. Kg2 Rxd3 56. Re1 Rd2+ 57. Kh1 Rxa2 58. Rd1 Rb2 59. Ra1 a2 0-1

[Event "ENCI Limburg-open B"]
[Site "Maastricht"]
[Date "2011.06.10"]
[Round "1"]
[White "Schubert, Karl"]
[Black "Goes, Dirk"]
[Result "1/2-1/2"]
[WhiteElo "1838"]
[BlackElo "1956"]
[PlyCount "55"]
[EventDate "2011.06.10"]
[EventType "swiss"]
[EventRounds "7"]
[EventCountry "NED"]
[Source "P.Boonen"]
[SourceDate "2012.01.01"]

1. d4 e6 2. Nf3 b6 3. g3 Bb7 4. Bg2 f5 5. O-O Nf6 6. b3 g6 7. Bb2 Bg7 8. Nbd2
Qe7 9. c4 d6 10. Rc1 Nbd7 11. a3 O-O 12. b4 Kh8 13. Qb3 Rab8 14. Rfd1 e5 15. d5
Rfc8 16. Ng5 Nf8 17. e4 Nh5 18. Nh3 f4 19. Qf3 fxg3 20. fxg3 Nd7 21. Rf1 Rf8
22. Qe2 Rxf1+ 23. Rxf1 Rf8 24. Rxf8+ Nxf8 25. Nf2 Bc8 26. Nd3 Bh6 27. Nb3 Ba6
28. Nf2 1/2-1/2

[Event "ENCI Limburg-open B"]
[Site "Maastricht"]
[Date "2011.06.10"]
[Round "1"]
[White "Senders, Mischa"]
[Black "Cillen, Jeroen"]
[Result "1-0"]
[WhiteElo "1746"]
[BlackElo "1892"]
[PlyCount "71"]
[EventDate "2011.06.10"]
[EventType "swiss"]
[EventRounds "7"]
[EventCountry "NED"]
[Source "P.Boonen"]
[SourceDate "2012.01.01"]

1. e4 c5 2. Nf3 d6 3. d4 cxd4 4. Nxd4 Nf6 5. Nc3 g6 6. Bg5 Bg7 7. Bb5+ Bd7 8.
Qe2 O-O 9. O-O-O Bxb5 10. Ndxb5 Nc6 11. f4 Qa5 12. e5 dxe5 13. fxe5 Rfe8 14.
Rhe1 Kf8 15. exf6 exf6 16. Be3 Re5 17. Qc4 Rae8 18. Bc5+ Kg8 19. Rxe5 Rxe5 20.
Bd4 Nxd4 21. Nxd4 Rc5 22. Nb3 Bh6+ 23. Kb1 Qxa2+ 24. Kxa2 Rxc4 25. Rd7 Rf4 26.
Nd5 Rf2 27. c4 f5 28. Rxb7 Rxg2 29. c5 f4 30. c6 f3 31. c7 Rc2 32. Nc3 f2 33.
c8=Q+ Kg7 34. Rb8 Rxb2+ 35. Kxb2 Bc1+ 36. Nxc1 1-0

[Event "ENCI Limburg-open B"]
[Site "Maastricht"]
[Date "2011.06.10"]
[Round "1"]
[White "Sluiter, Jan"]
[Black "Zilverberg, Jasper"]
[Result "1/2-1/2"]
[WhiteElo "1859"]
[BlackElo "2028"]
[PlyCount "30"]
[EventDate "2011.06.10"]
[EventType "swiss"]
[EventRounds "7"]
[EventCountry "NED"]
[Source "P.Boonen"]
[SourceDate "2012.01.01"]

1. e4 c5 2. Nc3 Nc6 3. Bb5 Nd4 4. Bc4 e6 5. Nge2 Nxe2 6. Qxe2 b6 7. O-O Bb7 8.
d3 Be7 9. f4 Nf6 10. Bd2 O-O 11. e5 Nd5 12. Bxd5 Bxd5 13. Nxd5 exd5 14. Qf3 d4
15. f5 Bg5 1/2-1/2

[Event "ENCI Limburg-open B"]
[Site "Maastricht"]
[Date "2011.06.10"]
[Round "1"]
[White "Staudte, Rainer"]
[Black "Tutenel, Erik"]
[Result "1/2-1/2"]
[WhiteElo "1955"]
[BlackElo "1834"]
[PlyCount "77"]
[EventDate "2011.06.10"]
[EventType "swiss"]
[EventRounds "7"]
[EventCountry "NED"]
[Source "P.Boonen"]
[SourceDate "2012.01.01"]

1. d4 d5 2. c4 dxc4 3. e3 e5 4. Nf3 exd4 5. Nxd4 Nf6 6. Bxc4 Be7 7. O-O O-O 8.
Nc3 a6 9. a4 c5 10. Nb3 Nc6 11. Nd5 Nxd5 12. Bxd5 Nb4 13. Bf3 Qc7 14. Bd2 Nd3
15. Bc3 Rd8 16. Ba5 b6 17. Bxa8 Nxf2 18. Qf3 Ng4 19. g3 Ne5 20. Qg2 bxa5 21.
Bd5 Bg5 22. e4 Bg4 23. h3 Bd7 24. Kh2 Rb8 25. Qf2 Bf6 26. Nxc5 Ng4+ 27. hxg4
Rxb2 28. Nxd7 Rxf2+ 29. Rxf2 Qxd7 30. Rb1 h6 31. Rb7 Qd6 32. Rxf7 Kh8 33. Kh3
Qc5 34. Kg2 Qd6 35. Rc2 Qe5 36. Rb7 Qd4 37. Rc8+ Kh7 38. Rc6 Qd2+ 39. Kh3
1/2-1/2

[Event "ENCI Limburg-open B"]
[Site "Maastricht"]
[Date "2011.06.10"]
[Round "1"]
[White "Van der Scheur, Dirk"]
[Black "Huebben, Dominik"]
[Result "1/2-1/2"]
[WhiteElo "1895"]
[BlackElo "1747"]
[PlyCount "98"]
[EventDate "2011.06.10"]
[EventType "swiss"]
[EventRounds "7"]
[EventCountry "NED"]
[Source "P.Boonen"]
[SourceDate "2012.01.01"]

1. d4 d5 2. c4 e6 3. cxd5 exd5 4. Nc3 Nf6 5. Bg5 Nbd7 6. e3 Be7 7. Bd3 O-O 8.
Nf3 Re8 9. O-O c6 10. Qc2 h6 11. Bf4 Nh5 12. Nxd5 Nxf4 13. Nxf4 Bd6 14. Nh5 Nb6
15. Ng3 Nd5 16. a3 Bg4 17. Bh7+ Kh8 18. Bf5 Bxf3 19. gxf3 g6 20. Be4 h5 21. f4
Nf6 22. Bg2 h4 23. Ne4 Nxe4 24. Bxe4 h3 25. Rae1 Qh4 26. f3 f5 27. Bd3 Bxf4 28.
e4 Re7 29. Qf2 Qxf2+ 30. Kxf2 fxe4 31. Bxe4 g5 32. Re2 Rd8 33. Rd1 Red7 34. Bf5
Rxd4 35. Rxd4 Rxd4 36. Bxh3 Rd2 37. Rxd2 Bxd2 38. b3 Kg7 39. a4 Kf6 40. Bc8 b5
41. axb5 cxb5 42. Ba6 b4 43. Bb5 Bf4 44. h3 Ke5 45. Ke2 Kd4 46. Ba4 Kc3 47. Kf2
a6 48. Ke2 Kc2 49. Kf2 a5 1/2-1/2

[Event "ENCI Limburg-open B"]
[Site "Maastricht"]
[Date "2011.06.10"]
[Round "1"]
[White "Willen, Ronny"]
[Black "Cebula, Jerzy"]
[Result "0-1"]
[WhiteElo "1851"]
[BlackElo "1991"]
[PlyCount "78"]
[EventDate "2011.06.10"]
[EventType "swiss"]
[EventRounds "7"]
[EventCountry "NED"]
[Source "P.Boonen"]
[SourceDate "2012.01.01"]

1. d4 Nf6 2. c4 c5 3. d5 e6 4. Nc3 exd5 5. cxd5 d6 6. e4 g6 7. Nf3 Bg7 8. Be2
O-O 9. O-O Re8 10. Qc2 a6 11. a4 Nbd7 12. Nd2 Qe7 13. f4 b6 14. Bf3 Rb8 15. Nc4
Bb7 16. Bd2 Ba8 17. Rfe1 b5 18. axb5 axb5 19. Na5 b4 20. Na4 Qd8 21. Nc4 Qc7
22. Qd3 h5 23. e5 dxe5 24. d6 Qd8 25. fxe5 Ng4 26. Bxg4 hxg4 27. e6 Rxe6 28.
Rxe6 fxe6 29. Qxg6 Qf6 30. Qxf6 Bxf6 31. Nab6 Nxb6 32. Nxb6 Rxb6 33. Rxa8+ Kf7
34. Ra7+ Ke8 35. d7+ Kd8 36. Bf4 Rc6 37. b3 c4 38. bxc4 Bd4+ 39. Kf1 Bxa7 0-1

[Event "ENCI Limburg-open B"]
[Site "Maastricht"]
[Date "2011.06.10"]
[Round "1"]
[White "Yue, Tim"]
[Black "Visser, Sebastiaan"]
[Result "1-0"]
[WhiteElo "1767"]
[BlackElo "1904"]
[PlyCount "35"]
[EventDate "2011.06.10"]
[EventType "swiss"]
[EventRounds "7"]
[EventCountry "NED"]
[Source "P.Boonen"]
[SourceDate "2012.01.01"]

1. e4 c6 2. d4 d5 3. exd5 cxd5 4. c4 dxc4 5. Bxc4 Nf6 6. Nc3 e6 7. Nf3 Bb4 8.
O-O O-O 9. a3 Ba5 10. Bg5 Qc7 11. Bxf6 gxf6 12. Qd3 b6 13. b4 Bxb4 14. axb4 Bb7
15. d5 Rc8 16. Nd2 exd5 17. Nxd5 Qe5 18. Rfe1 1-0

[Event "ENCI Limburg-open B"]
[Site "Maastricht"]
[Date "2011.06.11"]
[Round "2"]
[White "Aben, Paul"]
[Black "Begri, Felix"]
[Result "1-0"]
[WhiteElo "1949"]
[BlackElo "1888"]
[PlyCount "95"]
[EventDate "2011.06.10"]
[EventType "swiss"]
[EventRounds "7"]
[EventCountry "NED"]
[Source "P.Boonen"]
[SourceDate "2012.01.01"]

1. c4 e5 2. g3 Nf6 3. Bg2 d5 4. cxd5 Nxd5 5. Nc3 Nb6 6. Nf3 Nc6 7. O-O Be7 8.
a3 a5 9. d3 O-O 10. Bd2 Be6 11. Rc1 f6 12. Ne4 Nd5 13. Qc2 Bf7 14. Rfd1 Kh8 15.
Nc5 Bxc5 16. Qxc5 Nb6 17. b4 Bb3 18. Re1 axb4 19. Bxb4 Re8 20. Nd2 Na4 21. Qb5
Nxb4 22. Qxb4 Bd5 23. Bxd5 Qxd5 24. Rxc7 b5 25. Rec1 f5 26. Qb3 Qxb3 27. Nxb3
Nb6 28. Rb7 Rxa3 29. Rxb6 Rxb3 30. Rc5 Kg8 31. Rbxb5 Rxb5 32. Rxb5 Kf7 33. Kg2
Re7 34. Kf3 g6 35. h4 h6 36. Rb6 Ra7 37. h5 gxh5 38. Rxh6 Ra4 39. Rxh5 Kg6 40.
Rh8 Rd4 41. Rf8 Rb4 42. Ke3 Kg5 43. Rc8 Ra4 44. Rc5 Kf6 45. Rc4 Ra6 46. Kf3 Ra3
47. g4 e4+ 48. Ke3 1-0

[Event "ENCI Limburg-open B"]
[Site "Maastricht"]
[Date "2011.06.11"]
[Round "2"]
[White "Braam, Marco"]
[Black "Timmermans, Stefan"]
[Result "0-1"]
[WhiteElo "1751"]
[BlackElo "1845"]
[PlyCount "126"]
[EventDate "2011.06.10"]
[EventType "swiss"]
[EventRounds "7"]
[EventCountry "NED"]
[Source "P.Boonen"]
[SourceDate "2012.01.01"]

1. e4 c5 2. Nc3 e6 3. g3 Nc6 4. Bg2 Nf6 5. f4 d6 6. Nf3 a6 7. d3 Qc7 8. O-O Be7
9. Be3 Ng4 10. Bd2 h5 11. h3 Nf6 12. Ng5 e5 13. f5 Nd4 14. Ne2 Bd7 15. c3 Nxe2+
16. Qxe2 Bc6 17. c4 b5 18. b3 h4 19. g4 Nh7 20. Nxh7 Rxh7 21. g5 f6 22. Qg4
O-O-O 23. g6 Rhh8 24. Be1 Rh6 25. Bxh4 Qa5 26. Be1 Qa3 27. Bd2 Rhh8 28. Rfb1
Kc7 29. Qg3 Rb8 30. Bc1 Qb4 31. Qe3 bxc4 32. dxc4 Rh4 33. a3 Qb7 34. Bd2 Bxe4
35. Be1 Rf4 36. Bg3 Bxg2 37. Bxf4 Qe4 38. Qxe4 Bxe4 39. Re1 Bxf5 40. Bd2 Rxb3
41. Re3 Rxe3 42. Bxe3 Bxg6 43. Rd1 Kc6 44. Rd2 Bf7 45. Rc2 f5 46. a4 f4 47. Bf2
g5 48. Kg2 e4 49. Be1 Bf6 50. Bc3 Bxc3 51. Rxc3 Kb6 52. Rc1 Ka5 53. Rd1 Bxc4
54. Rxd6 e3 55. Rg6 Kxa4 56. Rxg5 Kb4 57. Kf3 a5 58. Kxf4 e2 59. Rg1 a4 60. Ke3
Kc3 61. Kf2 a3 62. Rg7 Kd2 63. Rd7+ Bd3 0-1

[Event "ENCI Limburg-open B"]
[Site "Maastricht"]
[Date "2011.06.11"]
[Round "2"]
[White "Broekhuis, Jan"]
[Black "Coenen, Siegfried"]
[Result "1/2-1/2"]
[WhiteElo "1869"]
[BlackElo "1977"]
[PlyCount "129"]
[EventDate "2011.06.10"]
[EventType "swiss"]
[EventRounds "7"]
[EventCountry "NED"]
[Source "P.Boonen"]
[SourceDate "2012.01.01"]

1. e4 e5 2. Nf3 Nf6 3. d4 Nxe4 4. Bd3 d5 5. dxe5 Be7 6. O-O Bg4 7. Bf4 Nc5 8.
Be2 Ne6 9. Bg3 c6 10. Nbd2 Nd7 11. h3 Bh5 12. c4 Nb6 13. cxd5 Nxd5 14. Bc4 Nd4
15. Be2 Nxe2+ 16. Qxe2 O-O 17. Rfd1 Re8 18. Qc4 Qc8 19. a3 Qe6 20. Nd4 Qd7 21.
Re1 Nb6 22. Qc3 Rad8 23. N2f3 Qd5 24. Nf5 Bf8 25. Ne3 Qc5 26. Qxc5 Bxc5 27. Ng4
Rd3 28. Rac1 Na4 29. Re4 Bxg4 30. hxg4 b5 31. Rxa4 bxa4 32. Rxc5 Rd1+ 33. Kh2
Re6 34. Bf4 Rg6 35. g3 Rd5 36. Rc4 Rb5 37. Rxa4 h6 38. Rxa7 Rxb2 39. Ra8+ Kh7
40. g5 Rxf2+ 41. Kh3 Rxf3 42. gxh6 gxh6 43. a4 h5 44. Rd8 Rg4 45. Rd4 c5 46.
Rc4 Kg6 47. a5 Ra3 48. a6 Kf5 49. a7 Rxa7 50. Rxc5 Rxf4 51. e6+ Kxe6 52. gxf4
Ra3+ 53. Kh4 Ra4 54. Kg3 Ra3+ 55. Kh4 Rf3 56. Rxh5 Rxf4+ 57. Kg3 Rf5 58. Rh8
Kf6 59. Ra8 Rb5 60. Ra6+ Kf5 61. Ra3 f6 62. Rf3+ Ke5 63. Kg4 Rb4+ 64. Kg3 f5
65. Re3+ 1/2-1/2

[Event "ENCI Limburg-open B"]
[Site "Maastricht"]
[Date "2011.06.11"]
[Round "2"]
[White "Bruls, Peter"]
[Black "Orbons, Richard"]
[Result "1-0"]
[WhiteElo "1845"]
[BlackElo "1723"]
[PlyCount "103"]
[EventDate "2011.06.10"]
[EventType "swiss"]
[EventRounds "7"]
[EventCountry "NED"]
[Source "P.Boonen"]
[SourceDate "2012.01.01"]

1. d4 Nf6 2. Nf3 d6 3. Nbd2 g6 4. e4 Bg7 5. Be2 O-O 6. O-O Nc6 7. c3 e5 8. dxe5
Nxe5 9. Qc2 Qe7 10. Re1 Bg4 11. Nxe5 Qxe5 12. Bxg4 Nxg4 13. Nf3 Qc5 14. h3 Ne5
15. Nxe5 Qxe5 16. Be3 Rfe8 17. f3 Rad8 18. Rad1 d5 19. exd5 Rxd5 20. Bd2 Rxd2
21. Rxe5 Rxd1+ 22. Qxd1 Bxe5 23. Kf2 Re6 24. g3 Kg7 25. f4 Bf6 26. Qd5 Rb6 27.
Qd2 Rd6 28. Qc2 Kf8 29. Kf3 Kg7 30. g4 h6 31. Kg3 Re6 32. Kf3 Bh4 33. f5 Re1
34. fxg6 fxg6 35. Qa4 a6 36. Qb3 b6 37. Qc4 Re7 38. Qxa6 Rf7+ 39. Ke4 Rf2 40.
Qd3 Rf7 41. Qd5 Bg3 42. Kd3 Bd6 43. h4 Rf4 44. Qc6 Kf6 45. Qd7 Rf2 46. Qb5 Be5
47. Qd7 Rxb2 48. Qh7 Rg2 49. Qxh6 Rxg4 50. Qh8+ Kf5 51. Qf8+ Ke6 52. Qc8+ 1-0

[Event "ENCI Limburg-open B"]
[Site "Maastricht"]
[Date "2011.06.11"]
[Round "2"]
[White "Cebula, Jerzy"]
[Black "Lentjes, Noud"]
[Result "1-0"]
[WhiteElo "1991"]
[BlackElo "1869"]
[PlyCount "95"]
[EventDate "2011.06.10"]
[EventType "swiss"]
[EventRounds "7"]
[EventCountry "NED"]
[Source "P.Boonen"]
[SourceDate "2012.01.01"]

1. e4 e6 2. d4 d5 3. e5 c5 4. c3 Nc6 5. Nf3 Qb6 6. Be2 cxd4 7. cxd4 Nge7 8. Na3
Nf5 9. Nc2 h5 10. h4 Bd7 11. O-O Be7 12. g3 O-O-O 13. Rb1 f6 14. Kg2 Kb8 15. b4
Rdg8 16. b5 Na5 17. Ne3 Nxe3+ 18. Bxe3 Rc8 19. a4 Nc4 20. Bf4 Ka8 21. Qe1 Qd8
22. Bd3 Qg8 23. Qe2 Bd8 24. exf6 gxf6 25. Rfc1 Na5 26. Rxc8+ Bxc8 27. Qe1 Bb6
28. Qb4 Qd8 29. Rc1 Qd7 30. Rc3 e5 31. dxe5 Qh3+ 32. Kg1 Rg8 33. Nd4 fxe5 34.
Bxe5 Re8 35. Qd6 Bd7 36. Bf1 Qg4 37. Be2 Qh3 38. Qxd5 Bxd4 39. Qxd4 Qf5 40. Re3
Qb1+ 41. Kg2 Bh3+ 42. Kh2 Qe1 43. Bxh5 Qxf2+ 44. Kxh3 Qf5+ 45. Kg2 Qxh5 46. Bc7
b6 47. Rxe8+ Qxe8 48. Qd8+ 1-0

[Event "ENCI Limburg-open B"]
[Site "Maastricht"]
[Date "2011.06.11"]
[Round "2"]
[White "Chappin, Rene"]
[Black "Cillen, Jeroen"]
[Result "0-1"]
[WhiteElo "1682"]
[BlackElo "1892"]
[PlyCount "44"]
[EventDate "2011.06.10"]
[EventType "swiss"]
[EventRounds "7"]
[EventCountry "NED"]
[Source "P.Boonen"]
[SourceDate "2012.01.01"]

1. e4 c5 2. Nf3 d6 3. d4 cxd4 4. Nxd4 Nf6 5. Nc3 g6 6. Be2 Bg7 7. Be3 O-O 8.
Qd2 Ng4 9. Bxg4 Bxg4 10. f3 Bd7 11. O-O-O Nc6 12. Nxc6 bxc6 13. Bh6 Qa5 14.
Bxg7 Kxg7 15. Kb1 Rfb8 16. Rhe1 Be6 17. Re3 Qa3 18. Qd4+ f6 19. Nd5 Qa6 20. Nc7
Qxa2+ 21. Kc1 Qa1+ 22. Kd2 Qa5+ 0-1

[Event "ENCI Limburg-open B"]
[Site "Maastricht"]
[Date "2011.06.11"]
[Round "2"]
[White "Coenen, Bert"]
[Black "Gendarme, Pierre"]
[Result "0-1"]
[WhiteElo "1856"]
[BlackElo "1821"]
[PlyCount "94"]
[EventDate "2011.06.10"]
[EventType "swiss"]
[EventRounds "7"]
[EventCountry "NED"]
[Source "P.Boonen"]
[SourceDate "2012.01.01"]

1. d4 e6 2. Nf3 d5 3. Bf4 Nf6 4. Nbd2 c5 5. e3 Nc6 6. c3 Be7 7. Bd3 Qb6 8. Rb1
Bd7 9. O-O Rc8 10. Ne5 O-O 11. Qf3 Nxe5 12. dxe5 Ne8 13. Qh5 g6 14. Qe2 Ng7 15.
Nf3 Qc7 16. g4 Qd8 17. h3 Bc6 18. Rfd1 a6 19. Bg3 Rc7 20. Kh2 Rd7 21. Rg1 b5
22. a3 Kh8 23. h4 d4 24. exd4 Bxf3 25. Qxf3 cxd4 26. Be4 f5 27. gxf5 Nxf5 28.
Bxf5 Bxh4 29. cxd4 Rxf5 30. Qe3 Rdf7 31. Rbf1 Rf3 32. Qh6 Bg5 33. Qh3 Qd5 34.
Qg4 R7f5 35. Bh4 R3f4 36. Bxg5 Rxg4 37. Rxg4 Qf3 38. Bf6+ Kg8 39. Rg2 Rh5+ 40.
Kg1 Qh3 41. f3 Kf7 42. Bh8 Ke8 43. Bf6 Kd7 44. Bg7 Rh4 45. f4 Qe3+ 46. Rff2
Rxf4 47. Bf6 Qe1+ 0-1

[Event "ENCI Limburg-open B"]
[Site "Maastricht"]
[Date "2011.06.11"]
[Round "2"]
[White "De Kleuver, Jonathan"]
[Black "Pijlman, Rene"]
[Result "0-1"]
[WhiteElo "1934"]
[BlackElo "1929"]
[PlyCount "56"]
[EventDate "2011.06.10"]
[EventType "swiss"]
[EventRounds "7"]
[EventCountry "NED"]
[Source "P.Boonen"]
[SourceDate "2012.01.01"]

1. e4 c5 2. Nf3 g6 3. d4 cxd4 4. Qxd4 Nf6 5. e5 Nc6 6. Qd3 Ng4 7. Bf4 Qb6 8.
Bg3 Qxb2 9. Qc3 Qc1+ 10. Ke2 b6 11. Nfd2 Ba6+ 12. Nc4 Qg5 13. f4 Qf5 14. Kd1
Bxc4 15. Bxc4 Bg7 16. h3 Nh6 17. Bd3 Qe6 18. Bc4 d5 19. Ba6 Rb8 20. Na3 O-O 21.
Bb5 Rfc8 22. Ba6 Rd8 23. Bb5 Nf5 24. Bf2 Nxe5 25. fxe5 Bxe5 26. Qb3 Bxa1 27. c3
Qf6 28. Kc2 Bxc3 0-1

[Event "ENCI Limburg-open B"]
[Site "Maastricht"]
[Date "2011.06.11"]
[Round "2"]
[White "De Ridder, Naomi"]
[Black "Lemmen, Raoul"]
[Result "1/2-1/2"]
[WhiteElo "1741"]
[BlackElo "1855"]
[PlyCount "71"]
[EventDate "2011.06.10"]
[EventType "swiss"]
[EventRounds "7"]
[EventCountry "NED"]
[Source "P.Boonen"]
[SourceDate "2012.01.01"]

1. e4 c5 2. Nf3 Nc6 3. d4 cxd4 4. Nxd4 Nf6 5. Nc3 e5 6. Ndb5 d6 7. Bg5 a6 8.
Na3 b5 9. Bxf6 gxf6 10. Nd5 Bg7 11. c3 f5 12. exf5 Bxf5 13. Nc2 O-O 14. Nce3
Be6 15. Bd3 f5 16. O-O Ne7 17. Bc2 Rc8 18. a4 Nxd5 19. Nxd5 Rc5 20. Bb3 Bxd5
21. Bxd5+ Kh8 22. axb5 axb5 23. Qb3 Qe7 24. Ra5 e4 25. Rfa1 e3 26. fxe3 Qxe3+
27. Kh1 Qd3 28. Bf3 Re5 29. Ra8 Ree8 30. Rxe8 Rxe8 31. Qf7 Qe3 32. Qxe8+ Qxe8
33. Ra8 Qxa8 34. Bxa8 b4 35. cxb4 Bxb2 36. g3 1/2-1/2

[Event "ENCI Limburg-open B"]
[Site "Maastricht"]
[Date "2011.06.11"]
[Round "2"]
[White "Dittmar, Thomas"]
[Black "Alvarez Carbajales, Fermin"]
[Result "0-1"]
[WhiteElo "1974"]
[BlackElo "1918"]
[PlyCount "78"]
[EventDate "2011.06.10"]
[EventType "swiss"]
[EventRounds "7"]
[EventCountry "NED"]
[Source "P.Boonen"]
[SourceDate "2012.01.01"]

1. d4 d5 2. c4 e6 3. Nc3 c5 4. g3 cxd4 5. Qxd4 Nc6 6. Qd1 d4 7. Ne4 f5 8. Nd2
Nf6 9. Bg2 Qc7 10. Nh3 e5 11. O-O Be7 12. Nb3 O-O 13. Bg5 a5 14. Rc1 a4 15.
Bxf6 Rxf6 16. Na1 a3 17. b3 Nb4 18. Qd2 h6 19. c5 Nc6 20. b4 Be6 21. Rfd1 Rff8
22. Nb3 Ra4 23. b5 Nb4 24. f4 e4 25. Nxd4 Bxc5 26. e3 Bxa2 27. Qc3 b6 28. Ra1
Nd5 29. Qc2 Nxe3 30. Qxa2+ Kh8 31. Ne6 Nxd1+ 32. Kh1 Qd7 33. Nxf8 Bxf8 34. Qc2
Nb2 35. Qe2 Qd3 36. Qh5 Qxb5 37. Ng5 Qc6 38. Nf7+ Kg8 39. Qxf5 Qf6 0-1

[Event "ENCI Limburg-open B"]
[Site "Maastricht"]
[Date "2011.06.11"]
[Round "2"]
[White "Erin, Igor"]
[Black "Sluiter, Jan"]
[Result "1-0"]
[WhiteElo "1715"]
[BlackElo "1859"]
[PlyCount "69"]
[EventDate "2011.06.10"]
[EventType "swiss"]
[EventRounds "7"]
[EventCountry "NED"]
[Source "P.Boonen"]
[SourceDate "2012.01.01"]

1. d4 Nf6 2. c4 g6 3. Nf3 Bg7 4. Nc3 O-O 5. e4 d6 6. h3 a6 7. Be3 Bd7 8. Be2 b5
9. e5 dxe5 10. dxe5 Ne8 11. cxb5 axb5 12. Bxb5 c6 13. Bc4 Nc7 14. O-O Be6 15.
Qb3 Nd7 16. Bxe6 Nxe6 17. Rfd1 Qc7 18. Rac1 Rfb8 19. Qc2 Nxe5 20. Ng5 Nxg5 21.
Bxg5 e6 22. b3 Qa5 23. Bf4 Rd8 24. Ne4 h5 25. Bg5 Rxd1+ 26. Rxd1 f5 27. Nf6+
Kf7 28. Nd7 Qxa2 29. Nxe5+ Bxe5 30. Rd7+ Kg8 31. Qxc6 Qb1+ 32. Bc1 Qxc1+ 33.
Qxc1 Ra1 34. Qxa1 Bxa1 35. b4 1-0

[Event "ENCI Limburg-open B"]
[Site "Maastricht"]
[Date "2011.06.11"]
[Round "2"]
[White "Frijns, Raoul"]
[Black "Esser, Thomas"]
[Result "0-1"]
[WhiteElo "1809"]
[BlackElo "1782"]
[PlyCount "54"]
[EventDate "2011.06.10"]
[EventType "swiss"]
[EventRounds "7"]
[EventCountry "NED"]
[Source "P.Boonen"]
[SourceDate "2012.01.01"]

1. d4 Nf6 2. Bg5 Ne4 3. Bf4 c5 4. f3 Nf6 5. c3 d5 6. Nd2 cxd4 7. cxd4 Nc6 8. e3
Bf5 9. Qb3 Qb6 10. Qxb6 axb6 11. a3 Rc8 12. Bb5 e6 13. Ne2 Be7 14. Nc3 O-O 15.
Kf2 Bg6 16. g4 Na7 17. Be2 Rfd8 18. h4 h5 19. Rac1 Bd6 20. Bg5 Rd7 21. Rhg1 Ne8
22. Nb5 Rxc1 23. Rxc1 Nc6 24. Nxd6 Nxd6 25. Bf4 Kf8 26. Rc3 Na5 27. Bb5 Nxb5
0-1

[Event "ENCI Limburg-open B"]
[Site "Maastricht"]
[Date "2011.06.11"]
[Round "2"]
[White "Geboers, Jimmy"]
[Black "Hoelting, Siegfried"]
[Result "1-0"]
[WhiteElo "1927"]
[BlackElo "1943"]
[PlyCount "85"]
[EventDate "2011.06.10"]
[EventType "swiss"]
[EventRounds "7"]
[EventCountry "NED"]
[Source "P.Boonen"]
[SourceDate "2012.01.01"]

1. d4 d5 2. c4 c6 3. Nc3 Nf6 4. e3 e6 5. Nf3 Be7 6. Bd3 Nbd7 7. O-O O-O 8. e4
dxe4 9. Nxe4 Nxe4 10. Bxe4 Nf6 11. Bc2 c5 12. Qd3 cxd4 13. Bg5 g6 14. Qxd4 Qxd4
15. Nxd4 a6 16. Rfd1 Kg7 17. Nf3 h6 18. Bf4 g5 19. Bd6 Bxd6 20. Rxd6 Ne8 21.
Rd8 Nf6 22. Rad1 Rxd8 23. Rxd8 b6 24. Ne5 Bb7 25. Rd6 b5 26. c5 Bd5 27. a3 Ra7
28. f3 Ne8 29. Rb6 h5 30. Nd3 Nf6 31. Nb4 Nd7 32. Rxa6 Rxa6 33. Nxa6 Bb7 34.
Nc7 Nxc5 35. Nxb5 Kf6 36. Kf2 h4 37. Nd6 e5 38. Ne4+ Nxe4+ 39. Bxe4 Ba6 40. a4
Ke6 41. b4 f5 42. b5 Bxb5 43. Bxf5+ 1-0

[Event "ENCI Limburg-open B"]
[Site "Maastricht"]
[Date "2011.06.11"]
[Round "2"]
[White "Gerlagh, Joris"]
[Black "Gallardo Banez, Alfonso"]
[Result "1/2-1/2"]
[WhiteElo "1776"]
[BlackElo "1915"]
[PlyCount "51"]
[EventDate "2011.06.10"]
[EventType "swiss"]
[EventRounds "7"]
[EventCountry "NED"]
[Source "P.Boonen"]
[SourceDate "2012.01.01"]

1. d4 d6 2. c4 e5 3. dxe5 dxe5 4. Qxd8+ Kxd8 5. Nc3 Be6 6. e3 Nd7 7. Nf3 f6 8.
b3 Bb4 9. Bb2 c6 10. O-O-O Kc7 11. Ne4 a5 12. a3 Be7 13. Kc2 Nh6 14. h3 Nf7 15.
g4 h5 16. Rg1 hxg4 17. hxg4 Raf8 18. Bd3 Rh3 19. Nfd2 Rfh8 20. f4 Nc5 21. f5
Bc8 22. Rde1 Rh2 23. Kc3 b6 24. Nxc5 Bxc5 25. Ne4 R8h3 26. Bc1 1/2-1/2

[Event "ENCI Limburg-open B"]
[Site "Maastricht"]
[Date "2011.06.11"]
[Round "2"]
[White "Gerritsen, Diederik"]
[Black "Meyes, Richard"]
[Result "1/2-1/2"]
[WhiteElo "1840"]
[BlackElo "1749"]
[PlyCount "56"]
[EventDate "2011.06.10"]
[EventType "swiss"]
[EventRounds "7"]
[EventCountry "NED"]
[Source "P.Boonen"]
[SourceDate "2012.01.01"]

1. e4 c5 2. Nf3 d6 3. d4 cxd4 4. Nxd4 Nf6 5. Nc3 a6 6. Be3 e5 7. Nb3 Be7 8. f3
Be6 9. Qd2 Nbd7 10. O-O-O O-O 11. g4 b5 12. h4 b4 13. Nd5 Bxd5 14. exd5 Nb6 15.
Bxb6 Qxb6 16. h5 h6 17. g5 Ne4 18. Qg2 Bxg5+ 19. Kb1 Nf2 20. Bd3 Nxd1 21. Rxd1
a5 22. Qg4 Bf6 23. Qf5 Rfe8 24. Nd2 e4 25. Nxe4 Rxe4 26. Qxe4 Qd4 27. Qxd4 Bxd4
28. Re1 Kf8 1/2-1/2

[Event "ENCI Limburg-open B"]
[Site "Maastricht"]
[Date "2011.06.11"]
[Round "2"]
[White "Goes, Dirk"]
[Black "Bergmans, Dirk"]
[Result "1/2-1/2"]
[WhiteElo "1956"]
[BlackElo "1871"]
[PlyCount "32"]
[EventDate "2011.06.10"]
[EventType "swiss"]
[EventRounds "7"]
[EventCountry "NED"]
[Source "P.Boonen"]
[SourceDate "2012.01.01"]

1. d4 Nf6 2. Bg5 e6 3. e3 Be7 4. Bd3 d5 5. Nd2 O-O 6. c3 Nbd7 7. f4 c5 8. Ngf3
b5 9. Rc1 Qb6 10. O-O a5 11. Qe2 b4 12. Kh1 Ba6 13. Bxa6 Qxa6 14. Qxa6 Rxa6 15.
Ne5 Bd6 16. c4 dxc4 1/2-1/2